|
|
|
|
| LEADER |
01199nam a2200313 i 4500 |
| 001 |
31956 |
| 003 |
BD-DhAAL |
| 005 |
20211115113608.0 |
| 008 |
170806s1977 ctua b 001 0 eng |
| 999 |
|
|
|c 38223
|d 38223
|
| 010 |
|
|
|a 77076304
|
| 020 |
|
|
|a 978030002142
|
| 040 |
|
|
|a DLC
|c DLC
|d DLC
|d BD-DhAAL
|
| 050 |
0 |
0 |
|a NA2542.4
|b .B57
|
| 082 |
0 |
0 |
|a 720
|
| 100 |
1 |
|
|a Bloomer, Kent C.,
|d 1935-
|9 21861
|
| 245 |
1 |
0 |
|a Body, memory, and architecture /
|c Kent C. Bloomer and Charles W. Moore ; with a contribution by Robert Yudell.
|
| 260 |
|
|
|a New Haven :
|b Yale University Press,
|c 1977.
|
| 300 |
|
|
|a xii, 147 p. :
|b ill. ;
|c 21 x 26 cm
|
| 490 |
0 |
|
|a A Yale paperbound
|
| 504 |
|
|
|a Includes bibliographical references (p. 139-142) and index
|
| 526 |
|
|
|a ARC
|
| 541 |
|
|
|e 31956
|
| 650 |
|
0 |
|a Architecture
|x Human factors.
|9 21862
|
| 650 |
|
0 |
|a Architectural design.
|9 21863
|
| 650 |
|
0 |
|a Architecture.
|9 42629
|
| 700 |
1 |
|
|a Moore, Charles Willard,
|d 1925-1993.
|e joint author.
|9 21864
|
| 942 |
|
|
|2 ddc
|c BK
|
| 952 |
|
|
|0 0
|1 0
|2 ddc
|4 0
|6 720_000000000000000_BLO
|7 0
|9 60953
|a BRACUL
|b BRACUL
|c GEN
|d 2017-07-31
|e Development Book Agency
|g 2758.00
|l 1
|o 720 BLO
|p 3010031956
|r 2021-12-23
|s 2021-12-15
|t 1
|v 2758.00
|w 2017-07-31
|y BK
|